Vplyv prípravy katalyzátorov na ich fyzikálne a chemické vlastnosti : Obh. 8.6.1992 /

Enregistré dans:
Détails bibliographiques
Auteur principal: Bobovská, Lýdia (Auteur)
Format: Manuscrit Livre
Langue:slovaque
Publié: Bratislava : STU v Bratislave ChtF, 1992
Tags: Ajouter un tag
Pas de tags, Soyez le premier à ajouter un tag!

MARC

LEADER 00000ntm a22000003a 4500
001 stu18947
005 20150617225756.3
008 920612s1992----cs------------------slo-d
040 |a STU  |b slo 
041 0 |a slo 
044 |a cs 
100 1 |a Bobovská, Lýdia  |4 aut 
245 1 |a Vplyv prípravy katalyzátorov na ich fyzikálne a chemické vlastnosti :  |b Obh. 8.6.1992 /  |c [aut.]Bobovská,Lýdia 
260 |a Bratislava :  |b STU v Bratislave ChtF,  |c 1992 
300 |a 47 s :  |b Obr.,tab.,grafy,lit 
500 |a Špec.:Organická technológia 
996 |b CD10929  |c C*D10929  |l CCI  |s A  |a 24  |w stu18947_0001